| 000 | 00601nam a22001691 4500 | ||
|---|---|---|---|
| 001 | 179675 | ||
| 003 | ES-MaACL | ||
| 005 | 20230906220845.0 | ||
| 008 | 120110s1904 sp |||| | spa d | ||
| 100 | 1 |
_aBlanco-Belmonte, Marcos Rafael. _929226 |
|
| 245 | 1 | 3 |
_aLa botica en casa _b: consejos higiénicos / _cpor M[arcos] R[afael] Blanco-Belmonte. |
| 260 |
_aMadrid : _bBailly-Bailliere é Hijos, _c1904. |
||
| 300 |
_a160 pág. : _bil. ; _c18 cm. |
||
| 500 | _aPrecede al tit.: Manual de la familia. | ||
| 650 | 0 | 4 |
_aPrimeros auxilios. _916404 |
| 852 |
_aES-MaACL _jD-1317 _z.- Legado M. de la Fuente |
||
| 999 |
_c179675 _d179675 |
||